000 00540nam a2200217Ia 4500
003 OSt
005 20220928141505.0
006 a|||||r|||| 00| 0
007 ta
008 220927b |||||||| |||| 00| 0 eng d
024 _a15511
037 _cTextual
040 _aSDCL
_cSDCL
_beng
041 _2eng
_aeng
082 _aB3168, L8
100 _aWhitehead George W
_9500561
245 0 _aElements of homotopy theory.
260 _c1978
942 _hB3168, L8
_cTEXL
_2CC
999 _c817912
_d817912